<?xml version="1.0" encoding="UTF-8"?>
<record
    xmlns:xsi="http://www.w3.org/2001/XMLSchema-instance"
    xsi:schemaLocation="http://www.loc.gov/MARC21/slim http://www.loc.gov/standards/marcxml/schema/MARC21slim.xsd"
    xmlns="http://www.loc.gov/MARC21/slim">

  <leader>00734nam a22001577a 4500</leader>
  <controlfield tag="003">OSt</controlfield>
  <controlfield tag="005">20150930151504.0</controlfield>
  <controlfield tag="008">150930b        xxu||||| |||| 00| 0 eng d</controlfield>
  <datafield tag="040" ind1=" " ind2=" ">
    <subfield code="c">RUA</subfield>
  </datafield>
  <datafield tag="082" ind1=" " ind2=" ">
    <subfield code="a">AGR LIM 2008 B063 Or.1</subfield>
  </datafield>
  <datafield tag="100" ind1=" " ind2=" ">
    <subfield code="9">1613</subfield>
    <subfield code="a">LIM, NALUCH.</subfield>
  </datafield>
  <datafield tag="245" ind1=" " ind2=" ">
    <subfield code="a">Effect de quantite et mode d'application de chaux sur la culture de moutarde sur sol acide a svay chrum svay rieng, &#x1780;&#x17B6;&#x179A;&#x179F;&#x17B7;&#x1780;&#x17D2;&#x179F;&#x17B6;&#x17A2;&#x17C6;&#x1796;&#x17B8;&#x17A5;&#x1791;&#x17D2;&#x1792;&#x17B7;&#x1796;&#x179B;&#x1793;&#x17C3;&#x1794;&#x179A;&#x17B7;&#x1798;&#x17B6;&#x178E; &#x1793;&#x17B7;&#x1784;&#x179A;&#x1794;&#x17C0;&#x1794;&#x1793;&#x17C3;&#x1780;&#x17B6;&#x179A;&#x1794;&#x17D2;&#x179A;&#x17BE;&#x1794;&#x17D2;&#x179A;&#x17B6;&#x179F;&#x17CB;&#x1780;&#x17C6;&#x1794;&#x17C4;&#x179A;&#x179B;&#x17BE;&#x178A;&#x17C6;&#x178E;&#x17B6;&#x17C6;&#x179F;&#x17D2;&#x1796;&#x17C3;&#x1781;&#x17C0;&#x179C;&#x1793;&#x17C5;&#x1781;&#x17C1;&#x178F;&#x17D2;&#x178F;&#x179F;&#x17D2;&#x179C;&#x17B6;&#x1799;&#x179A;&#x17C0;&#x1784;</subfield>
  </datafield>
  <datafield tag="260" ind1=" " ind2=" ">
    <subfield code="a">Phnom Penh</subfield>
    <subfield code="b">RUA</subfield>
    <subfield code="c">2008</subfield>
  </datafield>
  <datafield tag="300" ind1=" " ind2=" ">
    <subfield code="a">viii; 42p.</subfield>
    <subfield code="b">ill.</subfield>
    <subfield code="c">29cm.</subfield>
  </datafield>
  <datafield tag="942" ind1=" " ind2=" ">
    <subfield code="2">ddc</subfield>
    <subfield code="c">AGR</subfield>
  </datafield>
  <datafield tag="999" ind1=" " ind2=" ">
    <subfield code="c">1523</subfield>
    <subfield code="d">1523</subfield>
  </datafield>
  <datafield tag="952" ind1=" " ind2=" ">
    <subfield code="0">0</subfield>
    <subfield code="1">0</subfield>
    <subfield code="2">ddc</subfield>
    <subfield code="4">0</subfield>
    <subfield code="6">AGR_LIM_2008_000000000000000_B063_OR_1</subfield>
    <subfield code="7">0</subfield>
    <subfield code="9">6822</subfield>
    <subfield code="a">LBB</subfield>
    <subfield code="b">LBB</subfield>
    <subfield code="c">B063</subfield>
    <subfield code="d">2015-09-30</subfield>
    <subfield code="o">AGR LIM 2008 B063 Or.1</subfield>
    <subfield code="p">RUA009863</subfield>
    <subfield code="r">2015-09-30</subfield>
    <subfield code="w">2015-09-30</subfield>
    <subfield code="y">AGR</subfield>
  </datafield>
  <datafield tag="952" ind1=" " ind2=" ">
    <subfield code="0">0</subfield>
    <subfield code="1">0</subfield>
    <subfield code="2">ddc</subfield>
    <subfield code="4">0</subfield>
    <subfield code="6">AGR_LIM_2008_000000000000000_B063_OR_2</subfield>
    <subfield code="7">0</subfield>
    <subfield code="9">6823</subfield>
    <subfield code="a">LBB</subfield>
    <subfield code="b">LBB</subfield>
    <subfield code="c">B063</subfield>
    <subfield code="d">2015-09-30</subfield>
    <subfield code="o">AGR LIM 2008 B063 Or.2</subfield>
    <subfield code="p">RUA009864</subfield>
    <subfield code="r">2015-09-30</subfield>
    <subfield code="w">2015-09-30</subfield>
    <subfield code="y">AGR</subfield>
  </datafield>
  <datafield tag="952" ind1=" " ind2=" ">
    <subfield code="0">0</subfield>
    <subfield code="1">0</subfield>
    <subfield code="2">ddc</subfield>
    <subfield code="4">0</subfield>
    <subfield code="6">AGR_LIM_2008_000000000000000_B063_OR_3</subfield>
    <subfield code="7">0</subfield>
    <subfield code="9">6824</subfield>
    <subfield code="a">LBB</subfield>
    <subfield code="b">LBB</subfield>
    <subfield code="c">B063</subfield>
    <subfield code="d">2015-09-30</subfield>
    <subfield code="o">AGR LIM 2008 B063 Or.3</subfield>
    <subfield code="p">RUA009935</subfield>
    <subfield code="r">2015-09-30</subfield>
    <subfield code="w">2015-09-30</subfield>
    <subfield code="y">AGR</subfield>
  </datafield>
  <datafield tag="952" ind1=" " ind2=" ">
    <subfield code="0">0</subfield>
    <subfield code="1">0</subfield>
    <subfield code="2">ddc</subfield>
    <subfield code="4">0</subfield>
    <subfield code="6">AGR_LIM_2008_000000000000000_B063_OR_4</subfield>
    <subfield code="7">0</subfield>
    <subfield code="9">6825</subfield>
    <subfield code="a">LBB</subfield>
    <subfield code="b">LBB</subfield>
    <subfield code="c">B063</subfield>
    <subfield code="d">2015-09-30</subfield>
    <subfield code="o">AGR LIM 2008 B063 Or.4</subfield>
    <subfield code="p">RUA009920</subfield>
    <subfield code="r">2015-09-30</subfield>
    <subfield code="w">2015-09-30</subfield>
    <subfield code="y">AGR</subfield>
  </datafield>
  <datafield tag="952" ind1=" " ind2=" ">
    <subfield code="0">0</subfield>
    <subfield code="1">0</subfield>
    <subfield code="2">ddc</subfield>
    <subfield code="4">0</subfield>
    <subfield code="6">AGR_LIM_2008_000000000000000_B063_OR_5</subfield>
    <subfield code="7">0</subfield>
    <subfield code="9">6826</subfield>
    <subfield code="a">LBB</subfield>
    <subfield code="b">LBB</subfield>
    <subfield code="c">B063</subfield>
    <subfield code="d">2015-09-30</subfield>
    <subfield code="o">AGR LIM 2008 B063 Or.5</subfield>
    <subfield code="p">RUA009848</subfield>
    <subfield code="r">2015-09-30</subfield>
    <subfield code="w">2015-09-30</subfield>
    <subfield code="y">AGR</subfield>
  </datafield>
  <datafield tag="952" ind1=" " ind2=" ">
    <subfield code="0">0</subfield>
    <subfield code="1">0</subfield>
    <subfield code="2">ddc</subfield>
    <subfield code="4">0</subfield>
    <subfield code="6">AGR_LIM_2008_000000000000000_B063_OR_6</subfield>
    <subfield code="7">0</subfield>
    <subfield code="9">6827</subfield>
    <subfield code="a">LBB</subfield>
    <subfield code="b">LBB</subfield>
    <subfield code="c">B063</subfield>
    <subfield code="d">2015-09-30</subfield>
    <subfield code="l">1</subfield>
    <subfield code="o">AGR LIM 2008 B063 Or.6</subfield>
    <subfield code="p">RUA009776</subfield>
    <subfield code="r">2019-12-09</subfield>
    <subfield code="s">2019-12-02</subfield>
    <subfield code="w">2015-09-30</subfield>
    <subfield code="y">AGR</subfield>
  </datafield>
  <datafield tag="952" ind1=" " ind2=" ">
    <subfield code="0">0</subfield>
    <subfield code="1">0</subfield>
    <subfield code="2">ddc</subfield>
    <subfield code="4">0</subfield>
    <subfield code="6">AGR_LIM_2008_000000000000000_B063_OR_7</subfield>
    <subfield code="7">0</subfield>
    <subfield code="9">6828</subfield>
    <subfield code="a">LBB</subfield>
    <subfield code="b">LBB</subfield>
    <subfield code="c">B063</subfield>
    <subfield code="d">2015-09-30</subfield>
    <subfield code="o">AGR LIM 2008 B063 Or.7</subfield>
    <subfield code="p">RUA009704</subfield>
    <subfield code="r">2015-09-30</subfield>
    <subfield code="w">2015-09-30</subfield>
    <subfield code="y">AGR</subfield>
  </datafield>
</record>
